000 00671nam a2200253Ia 4500
003 OSt
005 20220918164323.0
006 a|||||r|||| 00| 0
007 ta
008 220917b |||||||| |||| 00| 0 eng d
020 _a052147471x (hb)
024 _a236,540
037 _cTextual
040 _aARTS
_cARTS
_beng
041 _2eng
_aeng
082 _aO111:gxM54, N7
100 _aRaby Peter Ed.
_918304
245 0 _aCambidge companion to Oscar Wilde
260 _aCambridge
_bCUP
_c1997
300 _axxii,307
_ccm.
650 _aENGLISH LITERATURE
942 _hO111:gxM54, N7
_cTEXL
_2CC
999 _c124243
_d124243